000 00235nam a2200097Ia 4500
001 682886
005 20250826161427.0
008 250824s9999 xx 000 0 und d
245 0 _aHESAP GÜNÜ
_cMUSTAFA KUTLU
260 _bDERGAH YAYINLARI
999 _c682886
_d682886